| 000 | 00813nam a22001817a 4500 | ||
|---|---|---|---|
| 999 |
_c63877 _d63877 |
||
| 003 | Ge_BSU | ||
| 005 | 20260211121730.0 | ||
| 008 | 260211s1972 ge ||||| |||| 00| 0 geo d | ||
| 041 | _ageo | ||
| 080 | _a911.3:33(479.22)(075.3) კ-26 | ||
| 100 |
_aკარბელაშვილი, ლ. _925883 |
||
| 245 |
_aსაქართველოს სსრ ეკონომიური გეოგრაფია : _bVIII კლ. სახელმძღვ. _cლ. კარბელაშვილი. |
||
| 250 | _aმე-6 გამოცემა | ||
| 264 |
_aთბ. : _bგანათლება, _c1972. |
||
| 300 |
_a106 გვ. : _bილ. ; _c22 სმ. |
||
| 653 | _aსაქართველოს ეკონომიური გეოგრაფია | ||
| 942 |
_2udc _cᲬᲘᲒᲜᲘ |
||